000 00181 a2200097 4500
020 _a8426118895
041 _aspa
100 _aPerez, Rafael
245 _aEl sobre azul
942 _cBK
999 _c31546
_d31544